Datum a čas kvízu
36.5
Celkem bodů
Celkový počet nahraných bodů na tomto kvízu bez doplňovacích otázek.
7.
Pořadí na kvízu
Konečné umístění týmu na tomto kvízu.
Zaznamenané odpovědi
| # | Otázka | Odpověď | Body | Výsledky |
|---|---|---|---|---|
| 1. | Která oceňovaná česká stavba o... | vysílač a hotel na Ještědu | 0 | |
| 2. | Jak nazvali italští meteorolog... | Kerberos | 0 | |
| 3. | Ve čtvrtek byla v Českém rozhl... | Karel Gott | 1 | |
| 4. | Minulý týden rozhodla česká vl... | kratom, HHC (hexahydrokanabinol) | 0.5 | |
| 5. | Uveďte název portugalského klu... | Benfica Lisabon, David Jurásek | 0 | |
| 6. | Průkopník teorie raketových le... | D | 1 | |
| 7. | Ve kterém roce došlo k vypuště... | 1957 (Sputnik 1), 1961 (Gagarin) | 0.5 | |
| 8. | Který americký prezident v rea... | John Fitzgerald Kennedy | 1 | |
| 9. | Na fotografii je sovětská vesm... | na Venuši | 1 | |
| 10. | Na území kterého dnešního stát... | Kazachstán | 1 |